000 00713cam a22002413a 4500
001 14963
003 PGUSA
005 20140828083323.0
008 050207s2005||||xxu|||||s|||||000 | eng d
040 _aPGUSA
_beng
042 _adc
050 4 _aHV
100 1 _aDay, Mary L.,
_d1836-
245 1 4 _aThe World As I Have Found It :
_bSequel to Incidents in the Life of a Blind Girl
_h[electronic resource] /
_cMary L. Day
260 _bProject Gutenberg,
_c2005
506 _aPublic domain in the USA.
516 _aElectronic text
653 _aBlind -- Biography
653 _aDay, Mary L., b. 1836
830 0 _aProject Gutenberg
_v14963
856 4 0 _uhttp://www.gutenberg.org/ebooks/14963
942 _cEB
999 _c244218
_d244218